000 00640nam a2200181 a 4500
001 000037091
005 20200930080132.0
008 120213s1978 ve 000 0 spa d
040 _aDO-SdBNP
_bspa
_cBNPHU
082 _axxx
_bxxx
100 1 _aEchague, Carlos
_963502
245 1 3 _aEl socialimperialismo :
_bel otro imperialismo /
_cCarlos Echague ; prólogo Angel J. Marquez, Sergio Alvarez Puente.
260 _aCaracas :
_bEdiciones Lucha de Clases,
_c1978.
300 _a203 p. ;
_c24 cm.
500 _aIncluye notas al pie de páginas
700 1 _aMarquez, Angel J.,
_epról.
_963503
700 1 _aAlvarez Puente, Sergio,
_epról.
_963504
999 _c36581
_d36581